LEADER 01357nam 2200397 450 001 000014124 005 20070503173200.0 010 $a88-15-04559-7 100 $a20030616d1994----km-y0itay0103----ba 101 0 $aita 102 $aIT 200 1 $aOrdinamenti giuridici dell'Europa medievale$fMario Caravale 200 1 $a1 $n0001964 210 $aBologna$c<> Mulino$dc1994 215 $a742 p.$d24 cm. 225 2 $aStrumenti$iDiritto 410 0$12001$aStrumenti$iDiritto 606 $aDiritto$yEuropa$zSec. 7-13 676 $a349.40902$v(21. ed.)$9Diritto. Europa. 500-1499 700 1$aCaravale,$bMario$0289924 801 0$aIT$bUniversità della Basilicata - B.I.A.$gRICA$2unimarc 912 $a000014124 996 $aOrdinamenti giuridici dell'Europa medievale$980192 997 $aUNIBAS BAS $aMONLET BAS $aLETTERE CAT $aSTD023$b01$c20030616$lBAS01$h1019 CAT $aTROMBONE$b21$c20030929$lBAS01$h1223 CAT $c20050601$lBAS01$h1755 CAT $abatch$b01$c20050718$lBAS01$h1052 CAT $c20050718$lBAS01$h1111 CAT $c20050718$lBAS01$h1141 CAT $c20050718$lBAS01$h1155 CAT $aBATCH$b00$c20070503$lBAS01$h1732 FMT Z30 -1$lBAS01$LBAS01$mBOOK$1BASA1$APolo Storico-Umanistico$2DSLA$BCollezione DiSSLA$3DD/5212$65212$5D5212$820030616$f04$FPrestabile Didattica LEADER 01793nam2M2200517--I450- 001 990001980060203316 005 20120629101804.0 010 $a978-88-13-29105-1 035 $a000198006 035 $aUSA01000198006 035 $a(ALEPH)000198006USA01 035 $a000198006 100 $a20040903d2011----|0itac50 ba 101 0 $aita 102 $aIT 110 $aa---------- 200 1 $aPercorsi di ricerca e di carriera: i convegni, i concorsi e le conferme 210 $a[Padova]$cCEDAM$d2011$a[Assago]$cWolters Kluwer Italia 215 $a196 p.$d24 cm 225 0 $aQuaderni di argomenti di diritto del lavoro$v5 300 $aSupplemento al n. 1/2011 ADL 410 $10010037274$12001$aADL$v, 5 422 1$1001000037279$aADL 606 0 $aImpiego pubblico$xLegislazione$2BNCF 606 0$aUniversità$xInsegnanti$xCarriera$2BNCF 676 $a352.630945 801 3$aIT$bICCU$gISBD$c20120521 912 $a990001980060203316 951 $aXXV.2.E. 99$b72057 G.$cXXV.2.E.$d00316119 959 $aBK 969 $aGIU 979 $aDIRCE$b90$c20040903$lUSA01$h1527 979 $aPATRY$b90$c20120628$lUSA01$h1132 979 $aPATRY$b90$c20120628$lUSA01$h1455 979 $aPATRY$b90$c20120629$lUSA01$h0930 979 $aPATRY$b90$c20120629$lUSA01$h0933 979 $aPATRY$b90$c20120629$lUSA01$h0936 979 $aPATRY$b90$c20120629$lUSA01$h0937 979 $aPATRY$b90$c20120629$lUSA01$h0939 979 $aPATRY$b90$c20120629$lUSA01$h0939 979 $aPATRY$b90$c20120629$lUSA01$h0943 979 $aPATRY$b90$c20120629$lUSA01$h0944 979 $aPATRY$b90$c20120629$lUSA01$h1018 979 $aCHIARA$b90$c20140703$lUSA01$h0939 996 $aPercorsi di ricerca e di carriera : i convegni, i concorsi e le conferme$9245806 997 $aUNISA